| 000 | 00548nam a22001937a 4500 | ||
|---|---|---|---|
| 003 | Ost | ||
| 005 | 20240806094345.0 | ||
| 008 | 240806b |||||||| |||| 00| 0 eng d | ||
| 020 | _a9789400992290 | ||
| 040 | _cBT-PhCST | ||
| 050 | _aA25080-A25082 | ||
| 082 |
_222 _a622.102455 _bREE |
||
| 100 |
_aReedman, J.H. _dB.Sc., M.Phil., M.I.M.M |
||
| 245 | _aTechniques in mineral exploration / | ||
| 260 |
_aEngland, _bApplied science publisher ltd. _cc1979 |
||
| 300 |
_axi, 533p. : _bill. ; _c22 cm. |
||
| 500 | _aIncludes index. | ||
| 942 |
_2ddc _cGEOLOGY |
||
| 999 |
_c9845 _d9845 |
||